00321nam a2200133Ia 4500008004100000020001500041041001200056082001100068100001100079245004100090260003600131300000800167650001200175221030s9999 xx 000 0 und d a0143100947 aEnglish a105.23 aR. Ash 0aWhitaker`s World of Factscby R. Ash bPenguin books.aNew Delhic2007 a320 aGeneral